000 00897nam a22002057a 4500
003 LK-CoMWRAF
005 20231213085937.0
008 231213b |||||||| |||| 00| 0 eng d
020 _a9559102656
040 _aLK-CoMWRAF
_dLK-CoMWRAF
_eLK-CoMWRAF
041 _asin
082 _a305.42
_bBAN
100 _aබන්චි. චාලට්
245 _aකාන්තා අයිතීන් / මානව අයිතීන් :
_bමානව අයිතීන් දෙස ප්‍ර‍තිසංස්කරණාත්මක බැලීමක්
246 _akanatha aitheen / mdnawa aitheen : manawa aitheen desa prathisanskaranathmaka baleemak
260 _aකොළඹ :
_bසමාජ විද්‍යාඥයින්ගේ සංගමය.
_c2003
650 _aකාන්තා අයිතීන්
650 _aමානව අයිතීන්
942 _cBK
999 _c4379
_d4379